00379nam a2200121Ia 4500003000400000008004100004040001600045082002000061245009300081260006700174300001100241490000500252GCL140319s9999 xx 000 0 ara d aGCL / cGCL04a309.1533bج ن10aندوة التنمية الاجتماعية فى اقطار الخليج العربية a[S.N] : bجامعة الامارات العربية ، c1989 a464 ص a